América Latina frente a la crisis centroamericana: una propuesta de paz informe -resumen /

Պահպանված է:
Մատենագիտական մանրամասներ
Համատեղ հեղինակներ: APEP, IPRI CRIES PNUP
Ձևաչափ: Տեքստ
Հրապարակվել է: Lima: APEP
Ցուցիչներ: Ավելացրեք ցուցիչ
Չկան պիտակներ, Եղեք առաջինը, ով նշում է այս գրառումը!

MARC

LEADER 00000 a a2200000 04500
001 22752
003
040
090 |a 156400  
110 |a APEP  
245 |a América Latina frente a la crisis centroamericana: una propuesta de paz informe -resumen /  |c APEP  
260 |a Lima:   |b APEP  
300 |a 58 p.  
710 |a IPRI   |a CRIES   |a PNUP  
999 |c 15438  |d 15438